| 000 | 01191nam a2200229Ia 4500 | ||
|---|---|---|---|
| 001 | L888-50626 | ||
| 003 | IT-CnALBA | ||
| 008 | 170116s9999||||xx |||||||||||||| ||und|| | ||
| 040 |
_aIT-CnALBA _cIT-CnALBA |
||
| 041 | _aITALIANO | ||
| 100 | _aMORETTO ELGA | ||
| 245 | 0 | _aLE AVVENTURE DI GIULIETTA. | |
| 250 | _a1a ed. | ||
| 260 |
_aFIRENZE _bL'AUTORE LIBRI _c1999 [1° Ed.:1999 - Ed.Ling.Originale: 1999] |
||
| 300 | _a101 p. | ||
| 500 | _aINTRODUZIONE. FUGA D'AMORE. AFFETTO MATERNO. VACANZE IN CAMPAGNA. SCAPPATELLA. FOCOLARE DOMESTICO, CHE PASSIONE! CONSIDERAZIONI SUI GATTI. NARRAZIONE DI GIULIETTA AGLI UOMINI. VICISSITUDINI. AMICI. MAGIA CANDORE DEI RAPPORTI TRA UOMINI E AMINALI. VALORE A | ||
| 501 | _aSocietà San Paolo EM - Piazza San Paolo, 14 - 12051 ALBA (CN) (non commercial uses only) ® Copyright 2017 | ||
| 520 | _aINTRODUZIONE. FUGA D'AMORE. AFFETTO MATERNO. VACANZE IN CAMPAGNA. SCAPPATELLA. FOCOLARE DOMESTICO, CHE PASSIONE! CONSIDERAZIONI SUI GATTI. NARRAZIONE DI GIULIETTA AGLI UOMINI. VICISSITUDINI. AMICI. MAGIA CANDORE DEI RAPPORTI TRA UOMINI E AMINALI. VALORE A | ||
| 650 | _aMISCELLANEA GRECO CLASSICO-ANTOLOGIE | ||
| 942 | _cBK | ||
| 957 | _71 | ||
| 999 |
_a57150 _bNO _g Copie: 1 _c309536 _d309536 |
||